000 00807nam a2200253Ia 4500
003 OSt
005 20220923214837.0
006 a|||||r|||| 00| 0
007 ta
008 220922b |||||||| |||| 00| 0 hin d
024 _a173,255
037 _cTextual
040 _aARTS
_cARTS
_bhin
041 _2hin
_ahin
082 _aO152,6vN5, J6
100 _aशर्मा, पद्मसिंह
245 0 _aहिन्दी गद्य काव्य
246 _aHindī gadya kāvya
260 _aदिल्ली
_b राजकमल प्रकाशन
_c1956
300 _a304पृ.
_ccm.
650 _aहिन्दी साहित्य
_9156264
942 _hO152,6vN5, J6
_cTEXL
_2CC
999 _c327162
_d327162